A comparison of self-adapted and computarized adaptive tests / [et al.] (Record no. 64471)

MARC details
000 -CABECERA
campo de control de longitud fija 00781nam a2200265 a 4500
005 - FECHA Y HORA DE LA ÚLTIMA TRANSACCIÓN
campo de control 20210219152940.0
008 - ELEMENTOS DE LONGITUD FIJA--INFORMACIÓN GENERAL
campo de control de longitud fija 991125n 000 0 u
035 ## - NÚMERO DE CONTROL DEL SISTEMA
Número de control de sistema UPN01000068280
100 ## - ASIENTO PRINCIPAL--NOMBRE PERSONAL
Nombre de persona Wise, Steven L.
222 ## - TÍTULO CLAVE
Título clave JOURNAL OF EDUCATIONAL MEASUREMENT
245 ## - MENCIÓN DE TÍTULO
Título A comparison of self-adapted and computarized adaptive tests / [et al.]
300 ## - DESCRIPCIÓN FÍSICA
Extensión 329-339
362 ## - FECHAS DE PUBLICACIÓN Y/O DESIGNACIÓN SECUENCIAL
Fecha de publicación y/o designación secuencial 29, No. 4, 1992
505 ## - NOTA DE CONTENIDO CON FORMATO PREESTABLECIDO
Nota de contenido con formato Abril 1993
653 0# - TERMINO DE INDIZACION - NO CONTROLADO
Término no controlado COMPARACION ASISTIDA POR ORDENADOR
653 0# - TERMINO DE INDIZACION - NO CONTROLADO
Término no controlado ESTUDIANTES GRADUADOS
653 0# - TERMINO DE INDIZACION - NO CONTROLADO
Término no controlado ESTUDIANTES NO GRADUADOS
653 0# - TERMINO DE INDIZACION - NO CONTROLADO
Término no controlado EXPERIENCIA COMPARADA
653 0# - TERMINO DE INDIZACION - NO CONTROLADO
Término no controlado FORMATO DE PRUEBAS
653 0# - TERMINO DE INDIZACION - NO CONTROLADO
Término no controlado PRUEBA ADAPTATIVA
700 ## - ASIENTO SECUNDARIO--NOMBRE DE PERSONAL
Nombre de persona Plake, Barbara S.
700 ## - ASIENTO SECUNDARIO--NOMBRE DE PERSONAL
Nombre de persona Johnson, Phillip L.
904 ## - ELEMENTOS DE DATOS D LOCAL, LDD (RLIN)
a AC
b 006091
905 ## - TIPO DE MATERIAL
Tipo de material Articulo

No items available.